Statistics for Find the Food

Click here to take the quiz!

General Stats

  • This quiz has been taken 98 times
  • The average score is 9 of 14

Answer Stats

Hint Answer % Correct
An antelope can jump incredibly high.Pecan
82%
Is my cab ready, or must I walk?Bread
79%
Jennings and Wichita are cities in Kansas.Sandwich
79%
When in South America, try to avoid the colossal monkeys.Salmon
74%
The contractor uses a ladder to access the roof.Salad
71%
The rich can always find loophole money.Lemon
69%
I enjoy making fun of ironic hipsters.Chips
69%
You aren't friends with that scumbag Elliot, are you?Bagel
61%
The light rain turned into a storm in no time.Toast
58%
Can you please pick less annoying music to listen to.Pickle
58%
I have jealousy or anger issues...I can't tell which.Orange
57%
Did you see Aaron Burr kick Alexander Hamilton's butt?Kale
53%
When I get back, I will take you to dinner.Kiwi
44%
Instead of a tablespoon, I only used a teaspoon and ruined the recipe.Onion
31%

Score Distribution

Percentile by Number Answered

Percent of People with Each Score

Your Score History

You have not taken this quiz